東京都の公立中学校 - Statistics

General Stats
  • This quiz has been taken 60 times
  • The average score is 106 of 608
Answer Stats
設置者 学校名 % Correct
あきる野市 | 東久留米市 | 青梅市 西
67%
あきる野市 | 小金井市 | 東久留米市 | 青梅市
65%
三鷹市 | 八王子市 | 国分寺市 | +9 others 第一
63%
三鷹市 | 国分寺市 | 大島町 | +7 others 第三
63%
三鷹市 | 中野区 | 八王子市 | +6 others 第二
63%
三鷹市 | 八王子市 | 文京区 | +4 others 第六
59%
三鷹市 | 八王子市 | 国分寺市 | +6 others 第四
59%
文京区 | 目黒区 | 調布市 第八
57%
文京区 | 目黒区 | 荒川区 | 足立区 第九
57%
小金井市 | 東久留米市 | 町田市
57%
三鷹市 | 中野区 | 八王子市 | +5 others 第七
55%
三鷹市 | 中野区 | 八王子市 | +7 others 第五
55%
文京区 | 目黒区 | 足立区 第十
53%
目黒区 | 足立区 第十一
45%
足立区 第十二
45%
新宿区 | 葛飾区 新宿
43%
足立区 第十三
43%
千代田区 麹町
41%
足立区 第十四
41%
中央区 銀座
37%
港区 青山
35%
中央区 日本橋
31%
港区 赤坂
31%
小金井市
31%
港区 六本木
29%
中野区 中野
29%
東久留米市 中央
29%
多摩市 多摩
27%
千代田区 神田一橋
24%
港区 三田
24%
多摩市 | 新宿区 落合
24%
台東区 上野
24%
大田区 蒲田
24%
豊島区 池袋
24%
立川市 立川第一
24%
立川市 立川第二
24%
立川市 立川第三
24%
立川市 立川第四
24%
立川市 立川第五
24%
立川市 立川第六
24%
立川市 立川第七
24%
立川市 立川第八
24%
立川市 立川第九
24%
瑞穂町 瑞穂
24%
練馬区 大泉
22%
江戸川区 葛西
22%
西東京市 保谷
22%
奥多摩町 奥多摩
22%
中央区
20%
墨田区 本所
20%
江東区 大島
20%
江東区 有明
20%
品川区 大崎
20%
大田区 大森第四
20%
杉並区 荻窪
20%
杉並区 高円寺
20%
調布市 調布
20%
町田市 町田第一
20%
町田市 町田第二
20%
町田市 町田第三
20%
国立市 国立第一
20%
清瀬市 清瀬
20%
西東京市 田無第一
20%
西東京市 田無第二
20%
西東京市 田無第三
20%
西東京市 田無第四
20%
利島村 利島
20%
神津島村 神津
20%
三宅村 三宅
20%
中央区 晴海
18%
港区 高松
18%
台東区 浅草
18%
大田区 大森第一
18%
大田区 大森第二
18%
大田区 大森第三
18%
世田谷区 | 八丈町 富士
18%
杉並区 高井戸
18%
練馬区 練馬
18%
練馬区 石神井
18%
葛飾区 亀有
18%
江戸川区 篠崎
18%
小金井市 小金井第二
18%
狛江市 狛江第一
18%
狛江市 狛江第二
18%
狛江市 狛江第三
18%
狛江市 狛江第四
18%
檜原村 檜原
18%
新島村 新島
18%
御蔵島村 御蔵島
18%
青ヶ島村 青ヶ島
18%
小笠原村 小笠原
18%
港区 御成門
16%
港区 港南
16%
江東区 砂町
16%
大田区 羽田
16%
世田谷区 北沢
16%
世田谷区 玉川
16%
杉並区 阿佐ヶ谷
16%
豊島区 駒込
16%
葛飾区 綾瀬
16%
府中市 府中第一
16%
府中市 府中第二
16%
府中市 府中第九
16%
小金井市 小金井第一
16%
小平市 小平第一
16%
小平市 小平第二
16%
小平市 小平第三
16%
小平市 小平第四
16%
小平市 小平第五
16%
小平市 小平第六
16%
日野市 日野第一
16%
国立市 国立第二
16%
福生市 福生第一
16%
福生市 福生第二
16%
福生市 福生第三
16%
港区 高陵
14%
墨田区 錦糸
14%
江東区 深川第一
14%
江東区 深川第五
14%
江東区 東陽
14%
大田区 大森第八
14%
大田区 馬込
14%
大田区 大森第六
14%
大田区 蓮沼
14%
世田谷区 用賀
14%
世田谷区 千歳
14%
渋谷区 広尾
14%
渋谷区 代々木
14%
練馬区 大泉学園
14%
練馬区
14%
葛飾区 小松
14%
八王子市 石川
14%
八王子市 南大沢
14%
青梅市
14%
府中市 府中第三
14%
府中市 府中第四
14%
府中市 府中第五
14%
府中市 府中第六
14%
府中市 府中第七
14%
府中市 府中第八
14%
府中市 府中第十
14%
昭島市 拝島
14%
町田市 鶴川
14%
町田市 小山
14%
日野市 日野第二
14%
日野市 日野第三
14%
東村山市 東村山第二
14%
東村山市 東村山第四
14%
東村山市 東村山第六
14%
国立市 国立第三
14%
羽村市 羽村第一
14%
羽村市 羽村第二
14%
羽村市 羽村第三
14%
あきる野市 五日市
14%
八王子市 | 新宿区 四谷
12%
新宿区 新宿西戸山
12%
文京区 音羽
12%
台東区 御徒町台東
12%
墨田区 両国
12%
墨田区 桜堤
12%
江東区 深川第二
12%
江東区 深川第七
12%
江東区 深川第八
12%
江東区 亀戸
12%
江東区 辰巳
12%
江東区 南砂
12%
大田区 六郷
12%
世田谷区 駒沢
12%
世田谷区 世田谷
12%
豊島区 明豊
12%
荒川区
12%
板橋区 板橋第一
12%
板橋区 板橋第二
12%
板橋区 板橋第三
12%
足立区 西新井
12%
葛飾区 金町
12%
葛飾区 立石
12%
江戸川区 清新第一
12%
八王子市 みなみ野
12%
小平市 上水
12%
日野市 日野第四
12%
東村山市 東村山第一
12%
東村山市 東村山第三
12%
東村山市 東村山第五
12%
稲城市 稲城第一
12%
稲城市 稲城第二
12%
稲城市 稲城第三
12%
稲城市 稲城第四
12%
稲城市 稲城第五
12%
稲城市 稲城第六
12%
港区 白金の丘
10%
新宿区 牛込第一
10%
新宿区 牛込第二
10%
新宿区 牛込第三
10%
新宿区 落合第二
10%
新宿区 西新宿
10%
新宿区 西早稲田
10%
文京区 文林
10%
文京区 茗台
10%
台東区 忍岡
10%
墨田区 墨田
10%
墨田区 寺島
10%
墨田区 文花
10%
江東区 第三砂町
10%
品川区 東海
10%
品川区 戸越台
10%
大田区 貝塚
10%
大田区 田園調布
10%
大田区 大森第七
10%
大田区 雪谷
10%
大田区 志茂田
10%
大田区 矢口
10%
世田谷区 尾山台
10%
世田谷区
10%
杉並区 井荻
10%
杉並区 井草
10%
豊島区 西巣鴨
10%
足立区 花畑
10%
足立区 青井
10%
足立区 伊興
10%
江戸川区 葛西第二
10%
江戸川区 鹿骨
10%
江戸川区 西葛西
10%
八王子市 浅川
10%
府中市 浅間
10%
小平市 花小金井南
10%
日野市 七生
10%
日野市 平山
10%
東村山市 東村山第七
10%
西東京市 ひばりが丘
10%
新島村 式根島
10%
八丈町 大賀郷
10%
小笠原村 母島
10%
台東区 駒形
8%
台東区 柏葉
8%
台東区 桜橋
8%
江東区 深川第三
8%
江東区 深川第四
8%
江東区 深川第六
8%
江東区 第二亀戸
8%
江東区 第三亀戸
8%
江東区 第二大島
8%
江東区 第二砂町
8%
江東区 第四砂町
8%
江東区 大島西
8%
品川区 浜川
8%
品川区 鈴ヶ森
8%
目黒区 東山
8%
目黒区 大鳥
8%
大田区 馬込東
8%
大田区 大森第十
8%
大田区 石川台
8%
大田区 出雲
8%
大田区 南六郷
8%
大田区 御園
8%
大田区 安方
8%
世田谷区 桜丘
8%
世田谷区 緑丘
8%
世田谷区 梅丘
8%
世田谷区 瀬田
8%
世田谷区 烏山
8%
世田谷区 芦花
8%
世田谷区 喜多見
8%
世田谷区 船橋希望
8%
杉並区 天沼
8%
豊島区 千川
8%
北区 浮間
8%
板橋区 | 足立区 加賀
8%
板橋区 志村第一
8%
板橋区 志村第二
8%
板橋区 志村第三
8%
板橋区 志村第四
8%
板橋区 志村第五
8%
練馬区 北町
8%
練馬区 貫井
8%
練馬区 大泉第二
8%
足立区 江南
8%
足立区 渕江
8%
足立区 竹の塚
8%
足立区 東綾瀬
8%
足立区 蒲原
8%
足立区 花保
8%
足立区
8%
足立区 六月
8%
葛飾区 桜道
8%
葛飾区 常盤
8%
葛飾区 青葉
8%
葛飾区 新小岩
8%
江戸川区 松江第二
8%
江戸川区 瑞江
8%
江戸川区 南葛西
8%
江戸川区 清新第二
8%
八王子市 由井
8%
八王子市 七国
8%
青梅市 霞台
8%
青梅市 吹上
8%
昭島市 昭和
8%
昭島市 瑞雲
8%
町田市 忠生
8%
町田市 山崎
8%
清瀬市 清瀬第二
8%
清瀬市 清瀬第三
8%
清瀬市 清瀬第四
8%
清瀬市 清瀬第五
8%
多摩市 諏訪
8%
西東京市 柳沢
8%
西東京市 明保
8%
日の出町 平井
8%
八丈町 三原
8%
文京区 本郷台
6%
江東区 第二南砂
6%
品川区 荏原第一
6%
品川区 荏原第五
6%
品川区 荏原第六
6%
目黒区 目黒中央
6%
大田区 東調布
6%
大田区 糀谷
6%
大田区 大森東
6%
世田谷区 太子堂
6%
世田谷区 松沢
6%
世田谷区 駒留
6%
世田谷区 桜木
6%
世田谷区 弦巻
6%
世田谷区 奥沢
6%
世田谷区 八幡
6%
世田谷区 深沢
6%
世田谷区 東深沢
6%
世田谷区 上祖師谷
6%
世田谷区 三宿
6%
渋谷区 鉢山
6%
渋谷区 原宿外苑
6%
中野区 北中野
6%
中野区 南中野
6%
杉並区 高南
6%
杉並区 神明
6%
杉並区 宮前
6%
杉並区 富士見丘
6%
杉並区 大宮
6%
多摩市 | 杉並区 和田
6%
杉並区 西宮
6%
豊島区 巣鴨北
6%
豊島区 西池袋
6%
北区 田端
6%
北区 赤羽岩淵
6%
荒川区 尾久八幡
6%
板橋区 板橋第五
6%
板橋区 西台
6%
板橋区 上板橋第二
6%
板橋区 桜川
6%
板橋区 高島第二
6%
板橋区 高島第一
6%
板橋区 高島第三
6%
練馬区 開進第一
6%
練馬区 開進第二
6%
練馬区 開進第三
6%
練馬区 石神井南
6%
練馬区 石神井東
6%
練馬区 石神井西
6%
足立区 新田
6%
足立区 東島根
6%
足立区 入谷
6%
足立区 花畑北
6%
足立区 谷中
6%
足立区 千寿桜堤
6%
足立区 鹿浜菜の花
6%
葛飾区 本田
6%
葛飾区 堀切
6%
葛飾区 四ツ木
6%
葛飾区 青戸
6%
葛飾区 高砂
6%
葛飾区 東金町
6%
江戸川区 松江第一
6%
江戸川区 松江第三
6%
江戸川区 松江第四
6%
江戸川区 松江第五
6%
江戸川区 瑞江第二
6%
江戸川区 上一色
6%
江戸川区 葛西第三
6%
江戸川区 松江第六
6%
江戸川区 篠崎第二
6%
江戸川区 春江
6%
江戸川区 二之江
6%
江戸川区 東葛西
6%
八王子市 横山
6%
八王子市
6%
八王子市 元八王子
6%
八王子市 恩方
6%
八王子市 打越
6%
八王子市 松が谷
6%
八王子市 中山
6%
青梅市 新町
6%
昭島市 清泉
6%
昭島市 多摩辺
6%
昭島市 福島
6%
町田市
6%
町田市 鶴川第二
6%
町田市 南大谷
6%
町田市 木曽
6%
日野市 三沢
6%
日野市 大坂上
6%
多摩市 鶴牧
6%
あきる野市 増戸
6%
港区 港陽
4%
墨田区 吾嬬第二
4%
墨田区 吾嬬立花
4%
品川区 冨士見台
4%
大田区 東蒲
4%
世田谷区 砧南
4%
渋谷区 上原
4%
渋谷区 笹塚
4%
渋谷区 松濤
4%
渋谷区 渋谷本町学園
4%
中野区 緑野
4%
中野区 中野東
4%
中野区 明和
4%
杉並区 杉森
4%
杉並区 東田
4%
杉並区 松溪
4%
杉並区 東原
4%
杉並区 中瀬
4%
杉並区 向陽
4%
杉並区 松ノ木
4%
杉並区 泉南
4%
杉並区 和泉
4%
豊島区 千登世橋
4%
北区 堀船
4%
北区 稲付
4%
北区 飛鳥
4%
北区 王子桜
4%
北区 桐ケ丘
4%
北区 明桜
4%
北区 十条富士見
4%
北区 滝野川紅葉
4%
荒川区 南千住第二
4%
荒川区 諏訪台
4%
板橋区 中台
4%
板橋区 上板橋第一
4%
板橋区 上板橋第三
4%
板橋区 赤塚第一
4%
板橋区 赤塚第二
4%
板橋区 赤塚第三
4%
練馬区 旭丘
4%
練馬区 豊玉
4%
練馬区 豊玉第二
4%
練馬区 開進第四
4%
練馬区 田柄
4%
練馬区 豊渓
4%
練馬区 上石神井
4%
練馬区 八坂
4%
練馬区 練馬東
4%
練馬区 大泉西
4%
練馬区 谷原
4%
練馬区 三原台
4%
練馬区 大泉北
4%
練馬区 南が丘
4%
練馬区 大泉学園桜
4%
練馬区 光が丘第一
4%
練馬区 光が丘第二
4%
練馬区 光が丘第三
4%
足立区 栗島
4%
足立区 入谷南
4%
足立区 千寿青葉
4%
足立区 江北桜
4%
葛飾区 水元
4%
葛飾区 奥戸
4%
葛飾区 上平井
4%
葛飾区 中川
4%
葛飾区 双葉
4%
葛飾区 大道
4%
葛飾区 一之台
4%
葛飾区 葛美
4%
江戸川区 小松川第一
4%
江戸川区 小松川第二
4%
江戸川区 鹿本
4%
江戸川区 小岩第一
4%
江戸川区 小岩第二
4%
江戸川区 小岩第三
4%
江戸川区 小岩第四
4%
江戸川区 小岩第五
4%
江戸川区 瑞江第三
4%
江戸川区 南葛西第二
4%
八王子市 長房
4%
八王子市 川口
4%
八王子市 加住
4%
八王子市 由木
4%
八王子市 椚田
4%
八王子市 ひよどり山
4%
八王子市 陵南
4%
八王子市 宮上
4%
八王子市 別所
4%
八王子市 上柚木
4%
八王子市 鑓水
4%
調布市 神代
4%
町田市 薬師
4%
町田市 つくし野
4%
町田市 成瀬台
4%
町田市 小山田
4%
町田市 金井
4%
東久留米市 久留米
4%
東久留米市 大門
4%
東久留米市 下里
4%
多摩市 聖ヶ丘
4%
多摩市 多摩永山
4%
西東京市 青嵐
4%
瑞穂町 瑞穂第二
4%
墨田区 竪川
2%
北区 神谷
2%
練馬区 中村
2%
江戸川区 小松川第三
2%
八王子市 楢原
2%
八王子市 横川
2%
八王子市 甲ノ原
2%
八王子市 城山
2%
八王子市 松木
2%
町田市 真光寺
2%
町田市 南成瀬
2%
町田市 武蔵岡
2%
多摩市 東愛宕
2%
多摩市 青陵
2%
あきる野市 秋多
2%
あきる野市 御堂
2%
日の出町 大久野
2%
東京都 白鴎高等学校附属
2%
東京都 両国高等学校附属
2%
東京都 富士高等学校附属
2%
八王子市 高尾山学園中学部
0%
東村山市 東村山第三萩山分校
0%
東京都 武蔵高等学校附属
0%
東京都 大泉高等学校附属
0%
No matching quizzes found
Score Distribution
Percent of People with Each Score
Percentile by Number Answered
Your Score History
You have not taken this quiz